[Event "Tatarstan-ch_women"]
[Site "?"]
[Date "2012.09.08"]
[Round "6.7"]
[White "Salihova, Lilia"]
[Black "Agabekian, Razia"]
[Result "0-1"]
[WhiteElo "1998"]
[BlackElo "1871"]
[PlyCount "108"]
[EventDate "2012.09.05"]
[SourceDate "2012.09.05"]

1. d4 Nf6 2. Nf3 g6 3. Bg5 Bg7 4. e3 d6 5. Bd3 O-O 6. c3 b6 7. Qc2 Bb7 8. Nbd2
Kh8 9. h4 h5 10. O-O-O Ng4 11. Rdf1 Qe8 12. Bf4 e5 13. Bg3 f5 14. dxe5 dxe5 15.
Bc4 Ba6 16. Re1 b5 17. Bb3 Nd7 18. Ng5 Nc5 19. f3 Nh6 20. e4 Rd8 21. Kb1 Bc8
22. Bf2 Nd3 23. Re2 Nf4 24. Rhe1 Nxe2 25. Rxe2 fxe4 26. Ndxe4 a6 27. Qc1 Nf5
28. Nc5 Rf6 29. f4 Nd6 30. Rxe5 Qc6 31. Bd5 Qb6 32. Nce4 Qb8 33. Nxf6 Bxf6 34.
Re1 Bf5+ 35. Ka1 Re8 36. Rxe8+ Qxe8 37. Qe3 Qxe3 38. Bxe3 Bxg5 39. hxg5 Be4 40.
Bd4+ Kh7 41. Bxe4 Nxe4 42. Kb1 c5 43. Be5 c4 44. Kc2 Kg8 45. b3 Kf7 46. bxc4
bxc4 47. Kd1 Ke6 48. Ke2 Nxg5 49. Ke3 Nf7 50. Ke4 Nxe5 51. fxe5 g5 52. a4 h4
53. Kf3 Kxe5 54. Kg4 Kf6 0-1

[Event "Tatarstan-ch_women"]
[Site "?"]
[Date "2012.09.08"]
[Round "8.3"]
[White "Khazieva, Elza"]
[Black "Valiullinà, Luiza"]
[Result "1/2-1/2"]
[WhiteElo "2087"]
[BlackElo "1953"]
[PlyCount "80"]
[EventDate "2012.09.05"]
[SourceDate "2012.09.05"]

1. e4 c5 2. Nf3 Nf6 3. e5 Nd5 4. d4 cxd4 5. Qxd4 e6 6. c4 Nb4 7. Qe4 d5 8. exd6
f5 9. Qe2 Bxd6 10. Nc3 a6 11. Bg5 Qc7 12. O-O-O O-O 13. Qd2 Be7 14. Bxe7 Qxe7
15. Qd6 N4c6 16. Qxe7 Nxe7 17. Na4 Nbc6 18. Nb6 Rb8 19. Rd6 e5 20. c5 h6 21.
Bc4+ Kh7 22. Re1 e4 23. Nd2 Ne5 24. f3 Nxc4 25. Ndxc4 exf3 26. gxf3 Ng6 27. Rd4
f4 28. Nd7 Bxd7 29. Rxd7 Rfc8 30. b4 b6 31. Nd6 Rd8 32. Rxd8 Rxd8 33. Re4 Rd7
34. Kb2 bxc5 35. bxc5 Rc7 36. Rc4 Ne5 37. Rc3 Rxc5 38. Rxc5 Nd3+ 39. Kc3 Nxc5
40. Kd4 Na4 1/2-1/2

[Event "Tatarstan-ch_women"]
[Site "?"]
[Date "2012.09.08"]
[Round "6.1"]
[White "Belova, Olga"]
[Black "Galimzianova, Aliya"]
[Result "1-0"]
[WhiteElo "2099"]
[BlackElo "1953"]
[PlyCount "68"]
[EventDate "2012.09.05"]
[SourceDate "2012.09.05"]

1. d4 e6 2. Nc3 d5 3. e4 Bb4 4. exd5 exd5 5. Bd2 Ne7 6. Nf3 Bg4 7. Be2 c6 8. a3
Bd6 9. h3 Bh5 10. g4 Bg6 11. Nh4 Qc7 12. Be3 Nd7 13. Qd2 Nf6 14. Nxg6 Nxg6 15.
Bg5 O-O-O 16. Qd3 Kb8 17. Qf3 Be7 18. O-O-O b5 19. h4 Qa5 20. h5 Nf8 21. Bd2 b4
22. Na2 Qb6 23. Bxb4 Bxb4 24. Nxb4 Ne6 25. Rhf1 Ka8 26. Qc3 Rc8 27. Bf3 a5 28.
Na2 c5 29. dxc5 Rxc5 30. Qe5 Rhc8 31. Nc3 Ka7 32. Bxd5 Nxg4 33. Qg3 f5 34. Bb3
R5c6 1-0

[Event "Tatarstan-ch_women"]
[Site "?"]
[Date "2012.09.09"]
[Round "7.4"]
[White "Zhukova, Kristina"]
[Black "Valiullina, Luiza"]
[Result "0-1"]
[WhiteElo "1636"]
[BlackElo "1953"]
[PlyCount "90"]
[EventDate "2012.??.??"]
[SourceDate "2012.09.05"]

1. e4 c5 2. Nc3 Nf6 3. g3 g6 4. Bg2 Bg7 5. d3 d6 6. f4 Nc6 7. Nf3 O-O 8. O-O
Rb8 9. h3 b5 10. g4 Nd7 11. f5 Nde5 12. Ng5 e6 13. fxe6 fxe6 14. Ne2 Rxf1+ 15.
Qxf1 Nb4 16. Qd1 Qf6 17. a3 Nbc6 18. Qf1 Bd7 19. Qxf6 Bxf6 20. Nf3 Nxf3+ 21.
Bxf3 Rf8 22. Kg2 c4 23. dxc4 bxc4 24. Rb1 Ne5 25. Bh6 Nxf3 26. Bxf8 Nh4+ 27.
Kg3 Kxf8 28. Rf1 Ke7 29. Rxf6 Kxf6 30. Kxh4 Bc6 31. Kg3 Bxe4 32. c3 e5 33. h4
h6 34. Kf2 Bc2 35. Ke3 Bd1 36. Ng3 Bxg4 37. Ne4+ Ke6 38. Nd2 d5 39. b3 cxb3 40.
Nxb3 Kd6 41. Kd2 Bc8 42. Na5 Kc5 43. Nb3+ Kc4 44. Na5+ Kc5 45. Nb3+ Kb5 0-1

[Event "Tatarstan-ch_women"]
[Site "?"]
[Date "2012.09.09"]
[Round "7.1"]
[White "Yarullina, Alina"]
[Black "Belova, Olga"]
[Result "0-1"]
[WhiteElo "2082"]
[BlackElo "2099"]
[PlyCount "116"]
[EventDate "2012.??.??"]
[SourceDate "2012.09.05"]

1. e4 c5 2. Nf3 Nf6 3. e5 Nd5 4. Nc3 Nxc3 5. dxc3 Nc6 6. Bc4 e6 7. Bf4 Qc7 8.
Qd2 b6 9. O-O-O Bb7 10. Ng5 Na5 11. Bd3 h6 12. Nf3 O-O-O 13. Be2 g5 14. Bg3 Bg7
15. Qe3 Nc6 16. h3 Ne7 17. Bh2 Nd5 18. Qd3 Rhg8 19. Rhe1 Ne7 20. Kb1 Qc6 21.
Bf1 Ng6 22. Qe3 Bf8 23. Qd2 Kc7 24. Re3 Ne7 25. c4 a6 26. Rd3 Ng6 27. g4 Kc8
28. Bg2 Qc7 29. Qe3 Bc6 30. Ne1 Bxg2 31. Nxg2 f6 32. Qf3 fxe5 33. Qa8+ Qb8 34.
Qxa6+ Kc7 35. Qb5 d6 36. Ra3 Qb7 37. Ne1 Nf4 38. Nd3 Be7 39. Nxf4 gxf4 40. f3
Ra8 41. Rxa8 Rxa8 42. Qb3 Rd8 43. Qc3 Bh4 44. Qd3 Rd7 45. Re1 Rg7 46. Rd1 Qc6
47. a3 Bf2 48. Rf1 Bd4 49. Bg1 Bxg1 50. Rxg1 d5 51. Qe2 e4 52. h4 e3 53. Re1
Rd7 54. cxd5 exd5 55. Qd3 Qe6 56. Qa6 Rf7 57. Qa7+ Kc6 58. Qa4+ Kb7 {... 77
õîäîâ} 0-1

[Event "Tatarstan-ch_women"]
[Site "?"]
[Date "2012.09.09"]
[Round "7.6"]
[White "Smetanina, Maria"]
[Black "Salihova, Lilia"]
[Result "1/2-1/2"]
[WhiteElo "1930"]
[BlackElo "1998"]
[PlyCount "77"]
[EventDate "2012.09.05"]
[SourceDate "2012.09.05"]

1. e4 d5 2. exd5 Nf6 3. d4 Nxd5 4. c4 Nb6 5. Nc3 e5 6. dxe5 Qxd1+ 7. Nxd1 Nc6
8. Bf4 Be6 9. Nf3 O-O-O 10. Be2 Bb4+ 11. Nc3 Bxc4 12. a3 Bxc3+ 13. bxc3 Rhe8
14. Bxc4 Nxc4 15. O-O N4xe5 16. Nxe5 Nxe5 17. h3 Nc4 18. Rfe1 f6 19. a4 b6 20.
Rad1 a5 21. Rxd8+ Rxd8 22. Re7 Rd7 23. Re8+ Kb7 24. Kf1 Nd6 25. Bxd6 cxd6 26.
Ke2 Kc6 27. Kd3 Rb7 28. c4 Rd7 29. Kd4 Rc7 30. g3 Kd7 31. Rb8 Kc6 32. Re8 h6
33. f3 Rd7 34. Rc8+ Kb7 35. Re8 Kc6 36. Rc8+ Rc7 37. Re8 Rd7 38. Rc8+ Rc7 39.
Re8 1/2-1/2

[Event "Tatarstan-ch_women"]
[Site "?"]
[Date "2012.09.09"]
[Round "7.5"]
[White "Kozina, Anastasia"]
[Black "Agabekian, Razia"]
[Result "1-0"]
[WhiteElo "1583"]
[BlackElo "1871"]
[PlyCount "67"]
[EventDate "2012.09.05"]
[SourceDate "2012.09.05"]

1. e4 d6 2. d4 Nf6 3. Nc3 g6 4. f4 Bg7 5. Nf3 O-O 6. Bd3 b6 7. O-O Ba6 8. Bxa6
Nxa6 9. Qe2 Qc8 10. e5 dxe5 11. dxe5 Ne8 12. Nd5 Qb7 13. Nxe7+ Kh8 14. f5 gxf5
15. Nxf5 Nc5 16. Nxg7 Kxg7 17. Qe3 Qe4 18. Qxe4 Nxe4 19. Nh4 f6 20. Nf5+ Kf7
21. b4 Ke6 22. Bb2 Nd2 23. Nd4+ Kf7 24. e6+ Ke7 25. Rfe1 Rg8 26. Nf5+ Kf8 27.
e7+ Kf7 28. Nh6+ Kg7 29. Nxg8 Kxg8 30. Rad1 Nc4 31. Bxf6 Ncd6 32. Bc3 Kf7 33.
Rd3 Rc8 34. Rf3+ 1-0

[Event "Tatarstan-ch_women"]
[Site "?"]
[Date "2012.09.09"]
[Round "7.3"]
[White "Galimzianova, Aliya"]
[Black "Khazieva, Elza"]
[Result "0-1"]
[WhiteElo "1953"]
[BlackElo "2087"]
[PlyCount "82"]
[EventDate "2012.09.05"]
[SourceDate "2012.09.05"]

1. c4 c5 2. Nc3 Nc6 3. g3 g6 4. Bg2 Bg7 5. Nf3 e6 6. e3 Nge7 7. O-O Nf5 8. b3
O-O 9. Bb2 b6 10. Rb1 Bb7 11. Ne2 d6 12. d4 Qc7 13. d5 exd5 14. cxd5 Ne5 15. e4
Nxf3+ 16. Bxf3 Nh6 17. Bg2 Rae8 18. Qd3 Qe7 19. Bxg7 Kxg7 20. f3 Ng8 21. Rbe1
Qd8 22. Bh3 Nf6 23. Nc3 Bc8 24. Bxc8 Qxc8 25. f4 Qh3 26. Qe2 h5 27. Qg2 Qd7 28.
e5 Ng4 29. h3 Nh6 30. Kh2 Nf5 31. g4 hxg4 32. Qxg4 Qd8 33. Rg1 Nh6 34. Qg3 Nf5
35. Qg4 Nh6 36. Qg2 Qh4 37. e6 Qh5 38. e7 Rh8 39. Ne4 Ng8 40. Nxd6 Rxe7 41.
Ne8+ Kf8 0-1

[Event "Tatarstan-ch_women"]
[Site "?"]
[Date "2012.09.10"]
[Round "8.2"]
[White "Kozina, Anastasia"]
[Black "Shaydullina, Sandugach"]
[Result "0-1"]
[WhiteElo "1583"]
[BlackElo "2162"]
[PlyCount "109"]
[EventDate "2012.09.05"]
[SourceDate "2012.09.05"]

1. e4 c5 2. b3 Nc6 3. Bb2 d6 4. Nc3 Nf6 5. Bb5 Bd7 6. a4 e6 7. Nf3 Be7 8. O-O
O-O 9. d3 Qc7 10. Bxc6 Bxc6 11. Nb5 Qd8 12. h3 a6 13. Nc3 b6 14. Qe2 Re8 15.
Rad1 e5 16. Nh2 b5 17. axb5 axb5 18. Ra1 b4 19. Rxa8 Qxa8 20. Ra1 Qb7 21. Na2
Ra8 22. Qd1 d5 23. exd5 Bxd5 24. f3 Nd7 25. Ng4 f6 26. Ne3 Be6 27. Nc4 Ra6 28.
Nc1 Nb8 29. Rxa6 Qxa6 30. Qe1 Nc6 31. f4 Bxc4 32. dxc4 exf4 33. Qe6+ Kf8 34.
Nd3 f3 35. gxf3 Qb7 36. Qd5 Qc7 37. Kg2 Nd8 38. Qe4 g6 39. Qh4 Kg7 40. Nf2 Nf7
41. Ne4 Qc6 42. Qf4 Nh6 43. Ng3 Qd7 44. Qe3 Nf7 45. Ne4 Qc7 46. Ng5 Nxg5 47.
Qxg5 h5 48. Qh4 Qd6 49. Qf2 Qd1 50. f4 Qb1 51. Qe2 Kf8 52. c3 bxc3 53. Bxc3
Qxb3 54. Qd3 Qb7+ 55. Kh2 0-1

[Event "Tatarstan-ch_women"]
[Site "?"]
[Date "2012.09.10"]
[Round "8.3"]
[White "Khazieva, Elza"]
[Black "Karaseva, Luiza"]
[Result "1-0"]
[WhiteElo "2087"]
[BlackElo "1705"]
[PlyCount "79"]
[EventDate "2012.09.05"]
[SourceDate "2012.09.05"]

1. e4 c5 2. Nf3 Nc6 3. b3 d6 4. Bb2 Nf6 5. Nc3 e5 6. Bb5 a6 7. Bxc6+ bxc6 8. h3
Be7 9. d3 O-O 10. O-O Qc7 11. Ne2 a5 12. a4 Rb8 13. Bc3 Ne8 14. Nd2 d5 15. f4
f6 16. fxe5 fxe5 17. Rxf8+ Bxf8 18. Nf3 Bd6 19. Qd2 Ra8 20. Qg5 d4 21. Be1 Be6
22. Qd2 h6 23. Ng3 Nf6 24. Nh4 Kh7 25. Qe2 g6 26. Bd2 Qg7 27. Rf1 Bc7 28. Qe1
Bd8 29. Nf3 Bc7 30. Ne2 Nd7 31. Qh4 Bd8 32. Bg5 Bf6 33. Bxf6 Qxf6 34. Qxf6 Nxf6
35. Nxe5 Kg7 36. Nf4 Bf7 37. Rf3 Rc8 38. Nfxg6 Bxg6 39. Rg3 Nh5 40. Rxg6+ 1-0

[Event "Tatarstan-ch_women"]
[Site "?"]
[Date "2012.09.10"]
[Round "8.4"]
[White "Galimzianova, Aliya"]
[Black "Yarullina, Alina"]
[Result "0-1"]
[WhiteElo "1953"]
[BlackElo "2082"]
[PlyCount "50"]
[EventDate "2012.??.??"]
[SourceDate "2012.09.05"]

1. e4 c5 2. Nf3 Nc6 3. Bb5 g6 4. O-O Bg7 5. c3 a6 6. Bxc6 dxc6 7. d3 e5 8. Be3
Qe7 9. Nbd2 Nf6 10. h3 O-O 11. Qc2 Re8 12. Nh2 Nh5 13. Nc4 Be6 14. Nb6 Rab8 15.
f3 f5 16. Qf2 Bf8 17. g4 Nf4 18. Bxf4 exf4 19. Rfe1 fxg4 20. fxg4 Qd8 21. Na4
Qxd3 22. Rad1 Qxh3 23. Nxc5 Bxg4 24. Rd2 Bxc5 25. Qxc5 Qg3+ 0-1

[Event "Tatarstan-ch_women"]
[Site "?"]
[Date "2012.09.10"]
[Round "8.6"]
[White "Agabekian, Razia"]
[Black "Zhukovà, Kristina"]
[Result "0-1"]
[WhiteElo "1871"]
[BlackElo "1636"]
[PlyCount "58"]
[EventDate "2012.09.05"]
[SourceDate "2012.09.05"]

1. d4 Nf6 2. c4 e6 3. Nc3 Bb4 4. Bd2 O-O 5. e3 d5 6. Bd3 Be7 7. Nf3 dxc4 8.
Bxc4 c5 9. Qc2 Nc6 10. dxc5 Nb4 11. Qb1 Bxc5 12. a3 Nc6 13. O-O Re8 14. Rd1 Qe7
15. b4 Bd6 16. Ne4 Ne5 17. Be2 Nxe4 18. Qxe4 f5 19. Qc2 Bd7 20. Qb3 Bc6 21. Nd4
Bd5 22. Qb2 Qh4 23. f4 Ng4 24. Bxg4 Qxg4 25. Be1 Be7 26. Qe2 Qg6 27. Nf3 Bf6
28. Ne5 Bxe5 29. fxe5 Rf8 0-1

[Event "Tatarstan-ch_women"]
[Site "?"]
[Date "2012.09.11"]
[Round "9.2"]
[White "Shaydullina, Sandugach"]
[Black "Smetanina, Maria"]
[Result "1-0"]
[WhiteElo "2162"]
[BlackElo "1930"]
[PlyCount "67"]
[EventDate "2012.09.05"]
[SourceDate "2012.09.05"]

1. d4 Nf6 2. c4 d5 3. cxd5 Nxd5 4. e4 Nb6 5. Nf3 e6 6. Be3 N8d7 7. Nc3 c5 8.
dxc5 Bxc5 9. Bxc5 Nxc5 10. Qc2 O-O 11. Be2 Bd7 12. O-O Rc8 13. Qd2 Bc6 14. Qf4
Qc7 15. Qe3 Nca4 16. Nxa4 Nxa4 17. b3 Nb6 18. Rfc1 f5 19. Nd4 Qe5 20. exf5 Qxe3
21. fxe3 exf5 22. Nxc6 bxc6 23. Rc5 h6 24. Rac1 Rce8 25. Bf3 Rxe3 26. Rxc6 Re7
27. a4 Rd7 28. R6c5 Rd3 29. a5 Nd7 30. Rd5 Rxd5 31. Bxd5+ Kh8 32. Rc7 Ne5 33.
Rxa7 Rd8 34. Ra8 1-0

[Event "Tatarstan-ch_women"]
[Site "?"]
[Date "2012.09.11"]
[Round "9.3"]
[White "Khazieva, Elza"]
[Black "Kozina, Anastasia"]
[Result "1-0"]
[WhiteElo "2087"]
[BlackElo "1583"]
[PlyCount "79"]
[EventDate "2012.09.05"]
[SourceDate "2012.09.05"]

1. c4 e5 2. b3 Nc6 3. Bb2 Bc5 4. g3 Nf6 5. Bg2 d6 6. Nc3 Bf5 7. Nf3 O-O 8. O-O
h6 9. d3 Qd7 10. Na4 Bb6 11. Nxb6 axb6 12. a3 Bh3 13. e3 Bxg2 14. Kxg2 Ne7 15.
d4 e4 16. Nd2 d5 17. cxd5 Qxd5 18. Rc1 c6 19. Nc4 Nd7 20. Qc2 b5 21. Nd2 f5 22.
b4 Qf7 23. f3 Nd5 24. Rce1 exf3+ 25. Rxf3 Qe7 26. Nb3 f4 27. gxf4 Nxf4+ 28. Kh1
Qh4 29. Ref1 Nh3 30. Qg2 Ng5 31. Rf4 Qh5 32. d5 Kh8 33. dxc6 bxc6 34. Qxc6 Qh3
35. Nc5 Rad8 36. Nxd7 Qxf1+ 37. Rxf1 Rxf1+ 38. Kg2 Rf7 39. Ne5 Rd2+ 40. Kg3 1-0

[Event "Tatarstan-ch_women"]
[Site "?"]
[Date "2012.09.11"]
[Round "9.1"]
[White "Belova, Olga"]
[Black "Karaseva, Luiza"]
[Result "1-0"]
[WhiteElo "2099"]
[BlackElo "1705"]
[PlyCount "67"]
[EventDate "2012.09.05"]
[SourceDate "2012.09.05"]

1. e4 c5 2. Nf3 Nc6 3. d4 cxd4 4. Nxd4 Nf6 5. Nc3 g6 6. Be3 Bg7 7. Nb3 O-O 8.
Bc4 Ne5 9. Be2 d6 10. h3 Be6 11. Nd4 Bc4 12. Bd3 Bxd3 13. cxd3 d5 14. f4 Nc6
15. e5 Nh5 16. Qf3 Nxd4 17. Bxd4 Bh6 18. g3 e6 19. Ne2 Ng7 20. g4 Ne8 21. Bc5
Rc8 22. d4 Rxc5 23. dxc5 Qa5+ 24. Qc3 Qxc3+ 25. bxc3 Nc7 26. g5 Bg7 27. Rb1 Rb8
28. Nd4 Na6 29. c6 bxc6 30. Rxb8+ Nxb8 31. Kd2 c5 32. Rb1 cxd4 33. Rxb8+ Bf8
34. cxd4 1-0

[Event "Tatarstan-ch_women"]
[Site "?"]
[Date "2012.09.11"]
[Round "1.6"]
[White "Agabekian, Razia"]
[Black "Galimzianova, Aliya"]
[Result "0-1"]
[WhiteElo "1871"]
[BlackElo "1953"]
[PlyCount "93"]
[EventDate "2012.09.05"]
[SourceDate "2012.09.05"]

1. d4 Nf6 2. c4 g6 3. e3 Bg7 4. Bd3 O-O 5. Nc3 d6 6. b3 c5 7. Bb2 cxd4 8. exd4
Nc6 9. Nge2 Nb4 10. Bb1 d5 11. a3 Nc6 12. c5 b6 13. b4 bxc5 14. dxc5 d4 15. Ne4
e5 16. O-O Rb8 17. Nxf6+ Qxf6 18. Bd3 Re8 19. Ng3 Qh4 20. Bc1 f5 21. f3 a6 22.
Qa4 Bb7 23. Bxa6 Bxa6 24. Qxa6 Ne7 25. Qc4+ Kh8 26. b5 e4 27. fxe4 Be5 28. exf5
Nxf5 29. Bb2 Nxg3 30. hxg3 Qxg3 31. Rf3 Qh2+ 32. Kf2 Rf8 33. Rf7 Qg3+ 34. Kf1
Rxf7+ 35. Qxf7 Qd3+ 36. Kg1 Qxb5 37. Qe7 Qe2 38. Kh1 Qh5+ 39. Kg1 Qh2+ 40. Kf1
Qf4+ 41. Kg1 Rxb2 42. Qe8+ Kg7 43. Qd7+ Qf7 44. Qg4 Rf2 45. c6 d3 46. Rb1 Rf4
47. Qd1 0-1